banner koha

Negócio da China? (Registro n. 337347)

MARC details
000 -LÍDER
fixed length control field 00810nab a2200253 4500
003 - CÓDIGO MARC DA AGÊNCIA CATALOGADORA
Campo de controle BR-BrBNA
005 - DATA E HORA DA ÚLTIMA ATUALIZAÇÃO
Campo de controle 20250728234831.0
008 - CAMPO DE TAMANHO FIXO
fixed length control field 250728b bl.||||| |||| 00| 0 por d
040 ## - FONTE DA CATALOGAÇÃO
Agência catalogadora BR-BrBNA
Idioma da catalogação por
072 ## - CATEGORIA AGRIS
Código AGRIS J10 ; E13 ; E70
100 ## - ENTRADA PRINCIPAL - NOME PESSOAL
Nome pessoal Taguchi, Viviane
245 ## - TÍTULO PRINCIPAL
Título principal Negócio da China?
Subtítulo Agroeconomia
500 ## - NOTA GERAL
Nota geral 1 illus.; 1 graph
942 ## - ADDED ENTRY ELEMENTS (KOHA)
Koha item type Analítica
650 ## - ASSUNTO - THESAGRO
Cabeçalho tópico ou nome geográfico LOGÍSTICA
650 ## - ASSUNTO - THESAGRO
Cabeçalho tópico ou nome geográfico PORTO MARÍTIMO
650 ## - ASSUNTO - THESAGRO
Cabeçalho tópico ou nome geográfico TRANSPORTE MARÍTIMO
650 ## - ASSUNTO - THESAGRO
Cabeçalho tópico ou nome geográfico TRANSPORTE FERROVIÁRIO
650 ## - ASSUNTO - THESAGRO
Cabeçalho tópico ou nome geográfico INVESTIMENTO
650 ## - ASSUNTO - THESAGRO
Cabeçalho tópico ou nome geográfico CHINA
650 ## - ASSUNTO - THESAGRO
Cabeçalho tópico ou nome geográfico COMERCIALIZAÇÃO
773 0# - ENTRADA ANALÍTICA
Host Biblionumber 1706
Registro do item 347983
Imprenta São Paulo-SP Editora Três Ltda - E-mail: luizfsa@revistadinheiro.com.br 2004
Outro identificador 2025-0481
Título Dinheiro Rural (Brazil)
ISSN 1807-3700
Colação v. 7(77) p. 34; (Mar 2011)
Número de controle de registro BR2025001917

Nenhum exemplar disponível.

BINAGRI

Telefone: (61)3218-2567/2388/3357/2097 - binagri@agro.gov.br

Ministério da Agricultura e Pecuária , Esplanada dos Ministérios, Bloco D, Anexo B, Brasília/DF, CEP: 70.043-900